000 00587nam a2200217Ia 4500
003 OSt
005 20220926012111.0
006 a|||||r|||| 00| 0
007 ta
008 220923b |||||||| |||| 00| 0 eng d
037 _cGeneral Book
040 _aRTL
_cRTL
_beng
041 _2eng
_aeng
082 _aY1:G:6, L3\TD
100 _aDobzhansky T
_9315504
245 0 _aGenetic Diversity and Human Equality
260 _aNew York
_bBasic Book
_c1973
300 _a128 p.
_ccm.
942 _hY1:G:6, L3\TD
_cGB
_2CC
999 _c621689
_d621689